000 00657nam a2200193 i 4500
001 141748
003 ES-MaACL
005 20250817180322.0
007 t|
008 070927s1920 sp ||||1| spa d
100 1 _aVindel, Francisco.
_9115321
245 1 0 _aManual gráfico-descriptivo del bibliófilo hispano-americano (1475-1850) /
_cpor Francisco Vindel ; con un prólogo de Pedro Sáinz Rodríguez.
260 _aMadrid :
_b[s.n.],
_c1920.
300 _a6 v. ;
_c32 cm.
650 1 7 _aBibliografías españolas
_2embne
_910523
700 1 _aSainz Rodríguez, Pedro,
_d1898-1986
_9101608
852 _aES-MaACL
_jC-28329-34
999 _c141748
_d141748